LEADER 01157nam a2200289 u 4500 001 000000052911 003 CaOOAMICUS 005 20070226115512.0 008 001027s2000 it u000 u ita u 020 $a8846419278 035 $a10859691 040 $aPUL$bita 100 1 $aForcina, Marisa.$0(OLS)http://pul/name/36767 245 10$aSoggette :$bcorpo, politica, filosofia : percorsi nella differenza /$cMarisa Forcina. 260 $aMilano :$bF. Angeli,$cc2000. 300 $a176 p. ;$c24 cm 490 1 $aFilosofia 504 $aBibliografia in nota. 650 4$aPolitica e filosofia.$0(OLS)http://pul/subject/1771 830 0$aFilosofia (F. Angeli).$0(OLS)http://pul/title/40589 850 $aPUL 852 $aPUL$W1$xDP1 Cons. Gen., Altre Classi 1$y22$m43 C 276$j69865$nBK-PRI$b $qStampati$B69865$CPULBib$Z2$F69865 $H $81 941 1 $a8 961 $aINV: 83147 996 $6020$a8846419278$9(OLS)http://pul/number/66739 996 $6245$aSoggette :$bcorpo, politica, filosofia : percorsi nella differenza$9(OLS)http://pul/title/70970 996 $6260$aMilano :$bF. Angeli$9(OLS)http://pul/publisher/48323 LEADER 01551nam a2200349 a 4500 001 000000123850 003 CaOOAMICUS 005 20101129124836.0 008 101129t2009 it u000 u ita r 020 $a978-88-308-0984-0 040 $aPUL$bita 082 04$a231 100 1 $aCosentino, Francesco,$csacerdote,$d1979-$0(OLS)http://pul/name/77740 245 13$aUn Dio possibile :$bcristianesimo immaginazione e "morte di Dio" /$cFrancesco Cosentino ; prefazione di Michael P. Gallagher. 260 $aAssisi :$bCittadella,$c2009. 300 $a370 p. ;$c21 cm 490 1 $aStudi e ricerche. Sezione teologica 500 $aInclude indice. 504 $aBibliografia in nota. 650 4$aDio$xEsistenza.$0(OLS)http://pul/subject/5003 650 4$aAteismo$ySec. XX.$0(OLS)http://pul/subject/29136 650 4$aApologetica$ySec. XX.$0(OLS)http://pul/subject/22862 700 1 $aGallagher, Michael Paul,$cS.I.$0(OLS)http://pul/name/66050 830 0$aStudi e ricerche (Cittadella).$pSezione teologica.$0(OLS)http://pul/title/143126 850 $aPUL 852 $aPUL$W1$xSL Religione 3$y85$m231 COSFR 1$j142675$qDDC 21$B141643$CPULBib$Z2$F141643 $H115200 $82 941 1 $a9 996 $6020$a978-88-308-0984-0$9(OLS)http://pul/number/146033 996 $6082$a231$9(OLS)http://pul/classification/408 996 $6245$aUn Dio possibile :$bcristianesimo immaginazione e "morte di Dio"$9(OLS)http://pul/title/156118 996 $6260$aAssisi :$bCittadella$9(OLS)http://pul/publisher/49668